United Kingdom Cities by Neighborhood - Statistics

General Stats
  • This quiz has been taken 97 times
  • The average score is 8 of 15
Answer Stats
Neighborhood UK City % Correct
Mayfair London
100%
Clifton Bristol
81%
Strangeways Manchester
76%
Byker Newcastle upon Tyne
73%
Gorbals Glasgow
71%
Knotty Ash Liverpool
66%
Jewellery Quarter Birmingham
64%
Ardoyne Belfast
59%
The Hoe Plymouth
55%
Roundhay Leeds
50%
Corstorphine Edinburgh
42%
Ocean Village Southampton
29%
South Kessock Inverness
19%
Saltmead Cardiff
14%
Maritime Quarter Swansea
14%
No matching quizzes found
Score Distribution
Percent of People with Each Score
Percentile by Number Answered
Your Score History
You have not taken this quiz